000
00219nam a2200121Ia 4500
100
_a
User Manual
942
_c
BK
245
_a
CADIAN
260
_b
CARDIAN GLOBAL.
300
_a
86
546
_a
ENGLISH
999
_c
29237
_d
29237